000 00376nam a2200133Ia 4500
005 20260328101450.0
008 260328s9999||||xx |||||||||||||| ||und||
100 _aUrdinola de Bianchi, Lily
245 0 _aCasas de embajadas en Washigton, D.C. /
_cLily Urdinola de Bianchi
260 _bVillegas Editores
300 _a333 p.
650 _aARQUITECTURA RESIDENCIAL
942 _cBK
999 _c8619
_d8619